00864nam a2200253 a 4500001001300000003000900013005001700022008004100039020002300080082001700103100002600120245003600146260002500182300001000207500003500217650004000252700002600292700002200318902000800340942000700348952011500355952012300470999001700593nice12345678IN_TiNIC20260116015403.0050101s2013 dela grp 000 0 eng  a9788184652727c25000a291.172bBON aBongiovanni, Ambrogio aDialogue in a Pluralistic World aDelhi bISPCK c2013 a190p  aincludes index and biblioraphy aInterfaith Dialogue-Christian Musli1 aLeonard, Fernado, S J1 aVictor, Edwin, Sj bSRS cBK 00104070aHMIbHMId2005-01-01g250.00l3o291.172 BON C1p11002745r2024-04-16s2024-04-03w2026-01-16yBK 001040708NFICaHMIbHMIcGENd2018-09-03eDirectorg250.00l0o291.172 BON C2p11003689r2026-01-16w2026-01-16yBK c19493d19493